|
|
|
|
| LEADER |
02773nam a22005655i 4500 |
| 001 |
978-3-319-46224-0 |
| 003 |
DE-He213 |
| 005 |
20161101130406.0 |
| 007 |
cr nn 008mamaa |
| 008 |
161101s2016 gw | s |||| 0|eng d |
| 020 |
|
|
|a 9783319462240
|9 978-3-319-46224-0
|
| 024 |
7 |
|
|a 10.1007/978-3-319-46224-0
|2 doi
|
| 040 |
|
|
|d GrThAP
|
| 050 |
|
4 |
|a QA75.5-76.95
|
| 072 |
|
7 |
|a UY
|2 bicssc
|
| 072 |
|
7 |
|a COM014000
|2 bisacsh
|
| 082 |
0 |
4 |
|a 004
|2 23
|
| 245 |
1 |
0 |
|a Computational History and Data-Driven Humanities
|h [electronic resource] :
|b Second IFIP WG 12.7 International Workshop, CHDDH 2016, Dublin, Ireland, May 25, 2016, Revised Selected Papers /
|c edited by Bojan Bozic, Gavin Mendel-Gleason, Christophe Debruyne, Declan O'Sullivan.
|
| 264 |
|
1 |
|a Cham :
|b Springer International Publishing :
|b Imprint: Springer,
|c 2016.
|
| 300 |
|
|
|a X, 127 p. 29 illus.
|b online resource.
|
| 336 |
|
|
|a text
|b txt
|2 rdacontent
|
| 337 |
|
|
|a computer
|b c
|2 rdamedia
|
| 338 |
|
|
|a online resource
|b cr
|2 rdacarrier
|
| 347 |
|
|
|a text file
|b PDF
|2 rda
|
| 490 |
1 |
|
|a IFIP Advances in Information and Communication Technology,
|x 1868-4238 ;
|v 482
|
| 520 |
|
|
|a This book constitutes the refereed post-proceedings of the Second IFIP WG 12.7 International Workshop on Computational History and Data-Driven Humanities, held in Dublin, Ireland, in May 2016. The 7 full papers presented together with 2 invited talks and 4 lightning talks were carefully reviewed and selected from 14 submissions. The papers focus on the challenge and opportunities of data-driven humanities and cover topics at the interface between computer science, social science, humanities, and mathematics.
|
| 650 |
|
0 |
|a Computer science.
|
| 650 |
|
0 |
|a Database management.
|
| 650 |
|
0 |
|a Data mining.
|
| 650 |
|
0 |
|a Artificial intelligence.
|
| 650 |
|
0 |
|a Text processing (Computer science).
|
| 650 |
|
0 |
|a Application software.
|
| 650 |
1 |
4 |
|a Computer Science.
|
| 650 |
2 |
4 |
|a Computer Science, general.
|
| 650 |
2 |
4 |
|a Data Mining and Knowledge Discovery.
|
| 650 |
2 |
4 |
|a Computer Appl. in Social and Behavioral Sciences.
|
| 650 |
2 |
4 |
|a Database Management.
|
| 650 |
2 |
4 |
|a Artificial Intelligence (incl. Robotics).
|
| 650 |
2 |
4 |
|a Document Preparation and Text Processing.
|
| 700 |
1 |
|
|a Bozic, Bojan.
|e editor.
|
| 700 |
1 |
|
|a Mendel-Gleason, Gavin.
|e editor.
|
| 700 |
1 |
|
|a Debruyne, Christophe.
|e editor.
|
| 700 |
1 |
|
|a O'Sullivan, Declan.
|e editor.
|
| 710 |
2 |
|
|a SpringerLink (Online service)
|
| 773 |
0 |
|
|t Springer eBooks
|
| 776 |
0 |
8 |
|i Printed edition:
|z 9783319462233
|
| 830 |
|
0 |
|a IFIP Advances in Information and Communication Technology,
|x 1868-4238 ;
|v 482
|
| 856 |
4 |
0 |
|u http://dx.doi.org/10.1007/978-3-319-46224-0
|z Full Text via HEAL-Link
|
| 912 |
|
|
|a ZDB-2-SCS
|
| 950 |
|
|
|a Computer Science (Springer-11645)
|